Well-Known Movie by Tough Image IV Quiz Stats

 Plays Quiz Updated Sep 23, 2016

Score 0/24 Timer 08:00
5 Plays Today
% Correct
Harry Potter and the Philosopher's Stone
83.7%
Grease
76.7%
Monsters, Inc.
72.6%
Mary Poppins
67.8%
Saving Private Ryan
62.2%
Ghostbusters
53.8%
Night at the Museum
47.5%
The Lord of the Rings: The Two Towers
46.6%
Rain Man
44.9%
Taken
42.5%
Die Hard
40.4%
Sin City
37.9%
% Correct
V for Vendetta
34.7%
The Karate Kid
33.7%
King Kong
30.5%
Batman Begins
26.7%
Apocalypse Now
25.7%
Shutter Island
23.7%
Lethal Weapon
21.4%
Fight Club
20.5%
Eternal Sunshine of the Spotless Mind
20%
Halloween
16.6%
Reservoir Dogs
13.9%
Taxi Driver
11.9%

You're not logged in!

Compare scores with friends on all Sporcle quizzes.
Join for Free
OR
Log In

You Might Also Like...

Show Comments

Extras

Top Quizzes Today


Score Distribution

Your Account Isn't Verified!

In order to create a playlist on Sporcle, you need to verify the email address you used during registration. Go to your Sporcle Settings to finish the process.

Report this User

Report this user for behavior that violates our Community Guidelines.

Details: